000 00589nam a2200181Ia 4500
008 220216s9999 xx 000 0 und d
100 _aReghu C.P
245 0 _aLong-term yield and growth performance of IRCA rubber clones (Hevea brasiliensis) in India
260 _bPLACROSYM XX, 12-15 December 2012, UPASI Tea Research Foundation, Coimbatore, India, Abstracts, p. 31.
650 _aBole volume
650 _aClonal differences
650 _aDry rubber content
650 _aPlugging index
650 _aTimber volume
700 _aMadhavan J
700 _aRao G.P
942 _cBS
999 _c49969
_d49969